[Event "GBR-ch 95th"]
[Site "Liverpool"]
[Date "2008.07.28"]
[Round "1.2"]
[White "Pert, Nicholas"]
[Black "Kolbus, Dietmar"]
[Result "1/2-1/2"]
[WhiteElo "2547"]
[BlackElo "2393"]
[PlyCount "39"]
[EventDate "2008.07.28"]
[EventType "swiss"]
[EventRounds "11"]
[EventCountry "GBR"]

1. d4 Nf6 2. Nf3 g6 3. c4 Bg7 4. g3 O-O 5. Bg2 c6 6. Nc3 d5 7. Qb3 Qb6 8. O-O
h6 9. c5 Qxb3 10. axb3 Na6 11. Ne5 Nd7 12. f4 Nxe5 13. fxe5 Be6 14. Bd2 Nc7 15.
Rf2 Kh7 16. Raf1 Rad8 17. Kh1 Kg8 18. h3 Bc8 19. b4 a6 20. Be3 1/2-1/2

[Event "GBR-ch 95th"]
[Site "Liverpool"]
[Date "2008.07.28"]
[Round "1.3"]
[White "Horner, Jeff"]
[Black "Conquest, Stuart"]
[Result "1/2-1/2"]
[WhiteElo "2372"]
[BlackElo "2536"]
[PlyCount "142"]
[EventDate "2008.07.28"]
[EventType "swiss"]
[EventRounds "11"]
[EventCountry "GBR"]

1. e4 c5 2. Nf3 g6 3. c3 d5 4. exd5 Qxd5 5. d4 Bg7 6. Be2 cxd4 7. cxd4 Nf6 8.
Nc3 Qa5 9. O-O O-O 10. Ne5 Nbd7 11. Nc4 Qd8 12. Qb3 Nb6 13. Nxb6 Qxb6 14. Qxb6
axb6 15. Rd1 Bg4 16. Bxg4 Nxg4 17. h3 Nf6 18. Bf4 Rfc8 19. Rac1 h5 20. a3 Rc4
21. Nb5 Rc6 22. d5 Rxc1 23. Bxc1 Rd8 24. Nc3 Ne8 25. Be3 b5 26. Bc5 Nd6 27.
Bxd6 exd6 28. Rd3 Rc8 29. Kf1 Rc5 30. Ke2 Kf8 31. Kd2 Ke7 32. g3 Kd7 33. Ne4
Rc4 34. Nc3 b4 35. axb4 Rxb4 36. Kc2 Rc4 37. Rf3 f5 38. Re3 Be5 39. f4 Bxc3 40.
bxc3 h4 41. Rf3 Kc7 42. Kb3 b5 43. gxh4 Kb6 44. Rg3 Kc5 45. Rxg6 Rxf4 46. h5
Kxd5 47. Rg8 Rh4 48. Rh8 f4 49. h6 f3 50. h7 Rxh3 51. Rf8 Rxh7 52. Rxf3 Rh4 53.
Rf5+ Kc6 54. Rg5 Rc4 55. Rh5 Rc5 56. Rh4 Rg5 57. Rf4 Kc5 58. Rh4 d5 59. Rf4 Rg1
60. Rh4 Rb1+ 61. Kc2 Re1 62. Kb3 Kd6 63. Rh5 Rg1 64. Rh6+ Kc5 65. Rh4 Rf1 66.
Rg4 Kd6 67. Rg6+ Ke5 68. Rb6 Ke4 69. Kc2 Rf2+ 70. Kb3 Rf3 71. Kc2 Rf2+ 1/2-1/2

[Event "GBR-ch 95th"]
[Site "Liverpool"]
[Date "2008.07.28"]
[Round "1.4"]
[White "Lalic, Bogdan"]
[Black "Eggleston, David"]
[Result "1-0"]
[WhiteElo "2533"]
[BlackElo "2372"]
[PlyCount "83"]
[EventDate "2008.07.28"]
[EventType "swiss"]
[EventRounds "11"]
[EventCountry "GBR"]

1. c4 Nf6 2. Nc3 e6 3. Nf3 b6 4. g3 Bb7 5. Bg2 Be7 6. d4 Ne4 7. Bd2 O-O 8. d5
Nxd2 9. Qxd2 Bb4 10. Rd1 Na6 11. a3 Bxc3 12. Qxc3 Nc5 13. O-O exd5 14. cxd5 Re8
15. Qc2 a5 16. b4 axb4 17. axb4 Na6 18. Rd4 Qe7 19. d6 cxd6 20. Ng5 Qxg5 21.
Bxb7 Ra7 22. Bf3 Rc7 23. Qa4 Nb8 24. Rxd6 Re6 25. Qa8 Qd8 26. Rd3 g6 27. Rfd1
Qc8 28. Kg2 h5 29. Bd5 Rf6 30. Qa1 Qd8 31. Ra3 Kg7 32. Ra8 Qe8 33. Rd3 Rc8 34.
Rf3 Qe7 35. e4 Rd8 36. Ra7 Rc8 37. Rb7 Qd8 38. Qd4 Nc6 39. Qb2 Nb8 40. h4 Nc6
41. Rxd7 Qxd7 42. Qxf6+ 1-0

[Event "GBR-ch 95th"]
[Site "Liverpool"]
[Date "2008.07.28"]
[Round "1.7"]
[White "Berry, Stephen"]
[Black "Gordon, Stephen J"]
[Result "0-1"]
[WhiteElo "2363"]
[BlackElo "2508"]
[PlyCount "86"]
[EventDate "2008.07.28"]
[EventType "swiss"]
[EventRounds "11"]
[EventCountry "GBR"]

1. e4 c5 2. Nf3 Nc6 3. Bb5 g6 4. O-O Bg7 5. c3 Nf6 6. Re1 O-O 7. h3 e5 8. d3 d6
9. Bg5 h6 10. Bxf6 Qxf6 11. Nbd2 Qd8 12. Bc4 Kh8 13. Nf1 f5 14. Ne3 Bd7 15. a3
Ne7 16. Nd5 Bc6 17. Nxe7 Qxe7 18. b4 b5 19. Bd5 Bxd5 20. exd5 Rac8 21. Rc1 Qb7
22. Qb3 c4 23. dxc4 bxc4 24. Qd1 e4 25. Nh2 Rfe8 26. Qd2 Re5 27. Rcd1 g5 28. f4
Qb6+ 29. Kh1 e3 30. Qc2 Re4 31. fxg5 hxg5 32. Qe2 g4 33. Rf1 Rf8 34. hxg4 Be5
35. Rf3 Qd8 36. Rdf1 Bxh2 37. Kxh2 f4 38. Rh3+ Kg7 39. Rff3 Qg5 40. g3 Qxd5 41.
Kg2 Qd2 42. Kf1 fxg3 43. Rhxg3 Ref4 0-1

[Event "GBR-ch 95th"]
[Site "Liverpool"]
[Date "2008.07.28"]
[Round "1.8"]
[White "Arkell, Keith"]
[Black "Rudd, Jack"]
[Result "1/2-1/2"]
[WhiteElo "2506"]
[BlackElo "2345"]
[PlyCount "71"]
[EventDate "2008.07.28"]
[EventType "swiss"]
[EventRounds "11"]
[EventCountry "GBR"]

1. d4 Nf6 2. Nf3 e6 3. c4 c5 4. d5 b5 5. Bg5 h6 6. Bxf6 Qxf6 7. Nc3 b4 8. Na4
d6 9. e4 Nd7 10. a3 a5 11. Be2 g5 12. O-O Bg7 13. axb4 axb4 14. dxe6 fxe6 15.
Qxd6 Ra6 16. Qc7 O-O 17. h3 Qf4 18. Qxf4 Rxf4 19. Bd3 Bb7 20. Ra2 Bc6 21. b3
Ra8 22. Rd2 Bxa4 23. bxa4 Rxa4 24. Bc2 Ra2 25. e5 Ra7 26. Re1 Kf8 27. Rd6 Ke7
28. Rc6 Rxf3 29. gxf3 Nxe5 30. Rxe5 Bxe5 31. Rxc5 Bd4 32. Rb5 Ra1+ 33. Kg2 Ra2
34. Be4 Bxf2 35. Kf1 Kd6 36. Rxb4 1/2-1/2

[Event "GBR-ch 95th"]
[Site "Liverpool"]
[Date "2008.07.28"]
[Round "1.9"]
[White "Lalic, Susan"]
[Black "Gormally, Daniel"]
[Result "0-1"]
[WhiteElo "2344"]
[BlackElo "2504"]
[PlyCount "104"]
[EventDate "2008.07.28"]
[EventType "swiss"]
[EventRounds "11"]
[EventCountry "GBR"]

1. e4 c5 2. Nc3 Nc6 3. g3 g6 4. Bg2 Bg7 5. d3 d6 6. Be3 e5 7. Nge2 Nge7 8. O-O
O-O 9. Qd2 Nd4 10. f4 Bg4 11. Rae1 Qd7 12. Nc1 Bh3 13. fxe5 dxe5 14. Nd5 Nxd5
15. exd5 Bxg2 16. Qxg2 b6 17. c4 Nf5 18. Bd2 Nd6 19. Bc3 Rae8 20. b3 f5 21. Ne2
g5 22. Kh1 e4 23. d4 e3 24. dxc5 bxc5 25. Bxg7 Qxg7 26. Ng1 Re4 27. Rf3 Rfe8
28. Ne2 Qb2 29. Qf1 g4 30. Rf4 Qd2 31. a3 a5 32. a4 Rb8 33. Rd1 Qc2 34. Rc1 Qd3
35. Rc3 Rxf4 36. Qxf4 Qxe2 37. Rxe3 Qd1+ 38. Kg2 Qc2+ 39. Kf1 Qc1+ 40. Kg2 Qb2+
41. Kf1 Qc1+ 42. Kg2 Rf8 43. Qg5+ Kh8 44. Qe7 Qb2+ 45. Re2 Qf6 46. Qxf6+ Rxf6
47. Re7 Ne4 48. Kf1 Rb6 49. Ke2 Rxb3 50. Re6 Kg7 51. d6 Rb7 52. Re5 Kf6 0-1

[Event "GBR-ch 95th"]
[Site "Liverpool"]
[Date "2008.07.28"]
[Round "1.10"]
[White "Williams, Simon K"]
[Black "Quillan, Gary"]
[Result "1/2-1/2"]
[WhiteElo "2496"]
[BlackElo "2339"]
[PlyCount "68"]
[EventDate "2008.07.28"]
[EventType "swiss"]
[EventRounds "11"]
[EventCountry "GBR"]

1. e4 e6 2. d4 d5 3. Nd2 Nf6 4. e5 Nfd7 5. c3 c5 6. f4 Nc6 7. Ndf3 Qb6 8. a3 c4
9. h4 Na5 10. Nh3 Qc7 11. Be2 Nb6 12. O-O Bd7 13. f5 exf5 14. Nfg5 O-O-O 15.
Qe1 Be6 16. Nf4 Qd7 17. h5 Nb3 18. Rb1 g6 19. hxg6 hxg6 20. Ngxe6 fxe6 21. Nxg6
Nxc1 22. Rxc1 Bh6 23. Nxh8 Be3+ 24. Rf2 Rxh8 25. Bf3 Qh7 26. g3 Qh6 27. Rd1 Rg8
28. Kg2 Bf4 29. Qh1 Rxg3+ 30. Kf1 Rh3 31. Qg2 Rg3 32. Qh1 Rh3 33. Qg2 Rg3 34.
Qh1 Rh3 1/2-1/2

[Event "GBR-ch 95th"]
[Site "Liverpool"]
[Date "2008.07.28"]
[Round "1.11"]
[White "Mason, Donald"]
[Black "Flear, Glenn C"]
[Result "1/2-1/2"]
[WhiteElo "2268"]
[BlackElo "2433"]
[PlyCount "50"]
[EventDate "2008.07.28"]
[EventType "swiss"]
[EventRounds "11"]
[EventCountry "GBR"]

1. d4 d5 2. c4 c6 3. Nf3 Nf6 4. Nc3 e6 5. Bg5 Nbd7 6. cxd5 exd5 7. e3 Be7 8.
Qc2 Nh5 9. Bxe7 Qxe7 10. O-O-O Nb6 11. h3 g6 12. g4 Ng7 13. Kb1 Bd7 14. Ne5
O-O-O 15. a4 a5 16. Qb3 Kc7 17. Rc1 Be8 18. e4 f6 19. exd5 fxe5 20. d6+ Rxd6
21. Nb5+ Kb8 22. Nxd6 Qxd6 23. Qxb6 exd4 24. Bg2 Ne6 25. Rhe1 g5 1/2-1/2

[Event "GBR-ch 95th"]
[Site "Liverpool"]
[Date "2008.07.28"]
[Round "1.12"]
[White "Davies, Nigel R"]
[Black "Storey, Charles"]
[Result "1-0"]
[WhiteElo "2478"]
[BlackElo "2268"]
[PlyCount "63"]
[EventDate "2008.07.28"]
[EventType "swiss"]
[EventRounds "11"]
[EventCountry "GBR"]

1. Nf3 g6 2. e4 c5 3. Bc4 Bg7 4. c3 e6 5. d4 cxd4 6. cxd4 d5 7. Bb5+ Bd7 8.
Bxd7+ Qxd7 9. exd5 Qxd5 10. Nc3 Qc4 11. Ne5 Bxe5 12. dxe5 Nc6 13. Qe2 Qxe2+ 14.
Kxe2 Nd4+ 15. Kf1 Ne7 16. Bg5 Nec6 17. Rd1 h6 18. Bf6 O-O 19. h4 Nf5 20. Rh3
Ng7 21. Rd7 b6 22. Ne4 Nb8 23. Rb7 Na6 24. Ra3 Nb4 25. Be7 Nc6 26. Nf6+ Kh8 27.
Bxf8 Rxf8 28. Nd7 Rd8 29. Rc3 Nd4 30. Nf6 Nb5 31. Rd3 Rc8 32. a4 1-0

[Event "GBR-ch 95th"]
[Site "Liverpool"]
[Date "2008.07.28"]
[Round "1.13"]
[White "Ledger, David"]
[Black "Trent, Lawrence"]
[Result "0-1"]
[WhiteElo "2260"]
[BlackElo "2470"]
[PlyCount "74"]
[EventDate "2008.07.28"]
[EventType "swiss"]
[EventRounds "11"]
[EventCountry "GBR"]

1. e4 e5 2. Bc4 Nf6 3. d3 c6 4. Nf3 d5 5. Bb3 a5 6. c3 Bd6 7. O-O Nbd7 8. Re1
O-O 9. Bg5 Qb6 10. Bxf6 Nxf6 11. exd5 cxd5 12. Nxe5 a4 13. Bc2 Bxe5 14. Rxe5
Qxb2 15. Nd2 Bg4 16. Nf3 Qxc3 17. d4 Bxf3 18. gxf3 Rfc8 19. Bd3 g6 20. Bf1 Qa3
21. Qd2 Rc3 22. Rb1 Rac8 23. Rxb7 Rxf3 24. Be2 Qc1+ 25. Qxc1 Rxc1+ 26. Kg2 Rf4
27. Bf3 Rc3 28. Re3 Rc2 29. Kg3 g5 30. h4 Rxh4 31. Ree7 Rf4 32. Rxf7 Rc3 33.
Rg7+ Kh8 34. Rxg5 Rcxf3+ 35. Kg2 Rxf2+ 36. Kg3 R4f3+ 37. Kh4 Rh2# 0-1

[Event "GBR-ch 95th"]
[Site "Liverpool"]
[Date "2008.07.28"]
[Round "1.15"]
[White "Barrett, Steve"]
[Black "Greet, Andrew"]
[Result "0-1"]
[WhiteElo "2251"]
[BlackElo "2453"]
[PlyCount "112"]
[EventDate "2008.07.28"]
[EventType "swiss"]
[EventRounds "11"]
[EventCountry "GBR"]

1. d4 Nf6 2. c4 c5 3. d5 e5 4. Nc3 d6 5. e4 Nbd7 6. g3 g6 7. h4 a6 8. a4 Rb8 9.
f3 Nh5 10. Kf2 Be7 11. Bh6 f5 12. exf5 gxf5 13. f4 Ndf6 14. Be2 Ng4+ 15. Bxg4
fxg4 16. fxe5 dxe5 17. Ne4 Bf5 18. Qd3 Qb6 19. d6 Bxe4 20. Qxe4 Qxd6 21. Qe3
Bf8 22. Re1 Bxh6 23. Qxe5+ Kd7 24. Qf5+ Kd8 25. Qxh5 Rf8+ 26. Kg2 Qc6+ 27. Qd5+
Qxd5+ 28. cxd5 b5 29. a5 Rb7 30. Ne2 Rbf7 31. Nf4 Bxf4 32. gxf4 Rxf4 33. h5 Rd4
34. Re5 Re8 35. Rg5 Re2+ 36. Kg3 Re3+ 37. Kf2 Rf3+ 38. Ke2 c4 39. Rxg4 Rxg4 40.
Kxf3 Rd4 41. Rg1 Rxd5 42. Rg8+ Kc7 43. Rg7+ Rd7 44. Rg8 Rd2 45. Rg7+ Kc6 46.
Ra7 Rxb2 47. Rxa6+ Kc5 48. Ra8 Ra2 49. Ke3 Kb4 50. a6 Kc3 51. Rh8 Rxa6 52. Rxh7
b4 53. Rg7 Rh6 54. Rg5 b3 55. Kf4 b2 56. Rg3+ Kb4 0-1

[Event "GBR-ch 95th"]
[Site "Liverpool"]
[Date "2008.07.28"]
[Round "1.16"]
[White "Ledger, Andrew"]
[Black "Kett, Timothy"]
[Result "1-0"]
[WhiteElo "2423"]
[BlackElo "2247"]
[PlyCount "75"]
[EventDate "2008.07.28"]
[EventType "swiss"]
[EventRounds "11"]
[EventCountry "GBR"]

1. d4 Nf6 2. Nf3 e6 3. c4 d5 4. Bg5 Nbd7 5. e3 h6 6. Bh4 c5 7. cxd5 Qa5+ 8.
Nbd2 Nxd5 9. a3 cxd4 10. Nxd4 Be7 11. Bg3 O-O 12. Bd3 e5 13. Nf5 Bf6 14. O-O
N7b6 15. Nd6 Rd8 16. N2e4 Qa4 17. Qh5 Qd7 18. Nxf6+ Nxf6 19. Qxe5 Qe6 20. Nxc8
Raxc8 21. Qxe6 fxe6 22. Rfd1 Na4 23. Rab1 Rd5 24. Kf1 Rc6 25. e4 Rdc5 26. f3 a6
27. Bf2 Rh5 28. h4 g5 29. g4 Rxh4 30. Bxh4 gxh4 31. Rd2 e5 32. Kg2 Nh7 33. Rh1
Ng5 34. Rxh4 Kg7 35. Rh1 Rb6 36. Rb1 Nc5 37. Bc4 Nce6 38. Rbd1 1-0

[Event "GBR-ch 95th"]
[Site "Liverpool"]
[Date "2008.07.28"]
[Round "1.17"]
[White "Tiruchirapalli, Venkataramanan"]
[Black "Houska, Jovanka"]
[Result "0-1"]
[WhiteElo "2247"]
[BlackElo "2405"]
[PlyCount "72"]
[EventDate "2008.07.28"]
[EventType "swiss"]
[EventRounds "11"]
[EventCountry "GBR"]

1. e4 c6 2. d4 d5 3. Nc3 dxe4 4. Nxe4 Bf5 5. Ng3 Bg6 6. h4 h6 7. Nf3 Nd7 8. h5
Bh7 9. Bd3 Bxd3 10. Qxd3 e6 11. Bf4 Qa5+ 12. Bd2 Bb4 13. c3 Be7 14. c4 Qc7 15.
O-O-O Ngf6 16. Rhe1 b5 17. Ne5 O-O 18. Kb1 Nxe5 19. dxe5 bxc4 20. Qxc4 Nd5 21.
Rc1 Rfc8 22. Qg4 Kh8 23. f4 Rab8 24. Qf3 Bb4 25. Ne4 Qa5 26. Bxb4 Rxb4 27. Re2
Rcb8 28. f5 exf5 29. Nd6 Rf4 30. Nxf7+ Kg8 31. Qg3 Kxf7 32. e6+ Kg8 33. e7 Re8
34. Re5 Qb4 35. Rxc6 Rf1+ 36. Kc2 Qa4+ 0-1

[Event "GBR-ch 95th"]
[Site "Liverpool"]
[Date "2008.07.28"]
[Round "1.18"]
[White "Addison, Bret"]
[Black "Dilleigh, Steve"]
[Result "1/2-1/2"]
[WhiteElo "2244"]
[BlackElo "2131"]
[PlyCount "61"]
[EventDate "2008.07.28"]
[EventType "swiss"]
[EventRounds "11"]
[EventCountry "GBR"]

1. d4 e6 2. c4 Nf6 3. Nc3 d5 4. cxd5 exd5 5. Bg5 Be7 6. e3 c6 7. Qc2 Nbd7 8.
Bd3 Nh5 9. Bxe7 Qxe7 10. Nge2 g6 11. O-O O-O 12. Rab1 Ng7 13. b4 a6 14. a4 Nf6
15. b5 axb5 16. axb5 Bf5 17. bxc6 bxc6 18. h3 h5 19. Rfc1 Qa7 20. Rb2 Bxd3 21.
Qxd3 Ne6 22. Rbc2 Qa6 23. Qd1 Rfb8 24. Nb1 Rb6 25. Nd2 Qb7 26. Nc3 Kg7 27. Nf3
Nd7 28. Ne1 Rb2 29. Rxb2 Qxb2 30. Nd3 Qb7 31. Qc2 1/2-1/2

[Event "GBR-ch 95th"]
[Site "Liverpool"]
[Date "2008.07.28"]
[Round "1.19"]
[White "Shaw, Peter"]
[Black "Hanley, James L"]
[Result "0-1"]
[WhiteElo "2127"]
[BlackElo "2243"]
[PlyCount "104"]
[EventDate "2008.07.28"]
[EventType "swiss"]
[EventRounds "11"]
[EventCountry "GBR"]

1. d4 Nf6 2. c4 e6 3. Nf3 b6 4. Bf4 Bb7 5. e3 Bb4+ 6. Nbd2 O-O 7. Bd3 d5 8. O-O
Be7 9. h3 c5 10. Rc1 Nc6 11. Nb3 Nb4 12. Bb1 dxc4 13. Nbd2 cxd4 14. Nxc4 dxe3
15. Nxe3 Qxd1 16. Rfxd1 Bxf3 17. gxf3 Nbd5 18. Be5 Rac8 19. a3 Nxe3 20. fxe3
Bc5 21. Kh2 Bxe3 22. Rxc8 Rxc8 23. Bxf6 gxf6 24. Re1 Bf4+ 25. Kg2 Rc1 26. Rxc1
Bxc1 27. a4 Bxb2 28. Kf2 Kg7 29. Bd3 f5 30. Bb5 Kf6 31. Ke3 Bc1+ 32. Kd3 Kg5
33. Be8 f6 34. Bd7 e5 35. Ke2 Kf4 36. Bc8 Be3 37. Bd7 Bc5 38. Bc8 e4 39. Bb7 h5
40. Bc6 h4 41. Bb7 exf3+ 42. Bxf3 Kg3 43. Bc6 Kxh3 44. Kf3 Kh2 45. Bd7 a6 46.
Bxf5 b5 47. axb5 axb5 48. Be4 b4 49. Kg4 h3 50. Bc2 Kg2 51. Be4+ Kf2 52. Kxh3
Ke3 0-1

[Event "GBR-ch 95th"]
[Site "Liverpool"]
[Date "2008.07.28"]
[Round "1.20"]
[White "Lyell, Mark"]
[Black "Yeo, Michael J"]
[Result "1-0"]
[WhiteElo "2232"]
[BlackElo "2110"]
[PlyCount "131"]
[EventDate "2008.07.28"]
[EventType "swiss"]
[EventRounds "11"]
[EventCountry "GBR"]

1. d4 d5 2. c4 e5 3. dxe5 d4 4. Nf3 Nc6 5. g3 Nge7 6. Bg2 Ng6 7. Bg5 Qd7 8. O-O
h6 9. Bd2 Ngxe5 10. Nxe5 Nxe5 11. Qb3 c5 12. e4 Be7 13. Na3 O-O 14. f4 Nc6 15.
Nc2 d3 16. Ne1 Qd4+ 17. Kh1 Bg4 18. Nf3 Qd7 19. Bc3 Rfd8 20. Rad1 a5 21. a4 Nb4
22. Rd2 Qe8 23. Bxb4 axb4 24. Rxd3 Rxd3 25. Qxd3 Qxa4 26. b3 Qa2 27. Qb1 Bf6
28. e5 Qxb1 29. Rxb1 Be7 30. h3 Bf5 31. Rb2 Rd8 32. Rd2 Bd7 33. Kg1 b5 34. cxb5
Bxb5 35. Bf1 Bc6 36. Rxd8+ Bxd8 37. Nd2 Bc7 38. Kf2 Kf8 39. Ke3 Ke7 40. Ne4 f6
41. exf6+ gxf6 42. Bc4 f5 43. Nf2 Kf6 44. g4 Bd7 45. Kf3 Bd6 46. Bd5 Bc8 47.
Nd1 Bd7 48. Ne3 Bc8 49. Kg3 Bd7 50. Bc4 fxg4 51. hxg4 Bc6 52. Bd5 Bb5 53. Kf3
Bd3 54. Be4 Bb5 55. Bd5 Bd3 56. Bc4 Bg6 57. Nd5+ Kg7 58. f5 Be8 59. Ne3 Be5 60.
Ke4 Bd4 61. Ng2 Bc6+ 62. Bd5 Bxd5+ 63. Kxd5 Kf6 64. Ke4 c4 65. Kxd4 cxb3 66.
Kd3 1-0

[Event "GBR-ch 95th"]
[Site "Liverpool"]
[Date "2008.07.28"]
[Round "1.21"]
[White "Coathup, Roger"]
[Black "Briscoe, Christopher"]
[Result "1/2-1/2"]
[WhiteElo "2105"]
[BlackElo "2232"]
[PlyCount "111"]
[EventDate "2008.07.28"]
[EventType "swiss"]
[EventRounds "11"]
[EventCountry "GBR"]

1. d4 Nf6 2. c4 e6 3. Nc3 Bb4 4. e3 O-O 5. Bd3 d5 6. cxd5 exd5 7. a3 Be7 8.
Nge2 Nbd7 9. O-O c5 10. Nf4 cxd4 11. exd4 Nb6 12. Re1 Bd7 13. Qf3 Re8 14. Be3
Bc6 15. Nh5 Nxh5 16. Qxh5 g6 17. Qf3 Bf8 18. Rad1 Qd7 19. Bg5 f5 20. Bf6 Qf7
21. Be5 a6 22. Re2 Nd7 23. Bf4 Nf6 24. Rxe8 Rxe8 25. Bc2 Ne4 26. Bb3 g5 27. Be5
g4 28. Qd3 Nxc3 29. Qxc3 Bg7 30. Bxg7 Kxg7 31. Re1 Re6 32. Qd2 h6 33. g3 Qf6
34. Re3 Qe7 35. Rxe6 Qxe6 36. Qa5 Kg6 37. Qd2 Bb5 38. Bc2 Be2 39. Qe3 Qxe3 40.
fxe3 Bf3 41. Kf2 Be4 42. Bd1 Kf6 43. Ke1 Ke6 44. Kd2 Kd6 45. Kc3 Kc6 46. Be2
Bb1 47. Bf1 Be4 48. Kb4 Kb6 49. Kc3 Kc6 50. h4 Bb1 51. Be2 Be4 52. Bd1 Bb1 53.
Be2 Be4 54. b4 b5 55. a4 Bb1 56. axb5+ 1/2-1/2

[Event "GBR-ch 95th"]
[Site "Liverpool"]
[Date "2008.07.28"]
[Round "1.22"]
[White "Hawkins, Jonathan"]
[Black "Ynojosa, Felix Jose"]
[Result "1-0"]
[WhiteElo "2232"]
[BlackElo "2101"]
[PlyCount "87"]
[EventDate "2008.07.28"]
[EventType "swiss"]
[EventRounds "11"]
[EventCountry "GBR"]

1. d4 Nf6 2. c4 c5 3. d5 b5 4. cxb5 a6 5. bxa6 Bxa6 6. Nc3 d6 7. g3 g6 8. Bg2
Bg7 9. Nh3 O-O 10. O-O Nbd7 11. Qc2 Ra7 12. b3 Qa5 13. Rb1 Rb8 14. Bd2 Qc7 15.
a4 Rab7 16. Rfe1 c4 17. b4 Rxb4 18. Nb5 R4xb5 19. axb5 Rxb5 20. Rxb5 Bxb5 21.
Rb1 Ba6 22. Nf4 Nc5 23. Bc3 Nfd7 24. h4 Bxc3 25. Qxc3 h5 26. Nh3 Ne5 27. Ng5
Qa7 28. Qa5 Nb3 29. Qd8+ Kg7 30. Ne4 Ng4 31. e3 c3 32. Nxc3 Bd3 33. Rd1 Bc2 34.
Re1 Qc5 35. Ne2 Nxe3 36. Nf4 Ng4 37. Ne6+ fxe6 38. Qxe7+ Kh6 39. Qf8+ Kh7 40.
Rxe6 Qxf2+ 41. Qxf2 Nxf2 42. Kxf2 Nc5 43. Rxd6 Ne4+ 44. Bxe4 1-0

[Event "GBR-ch 95th"]
[Site "Liverpool"]
[Date "2008.07.28"]
[Round "1.23"]
[White "Waters, Clive L"]
[Black "James, Russell A"]
[Result "0-1"]
[WhiteElo "2096"]
[BlackElo "2225"]
[PlyCount "62"]
[EventDate "2008.07.28"]
[EventType "swiss"]
[EventRounds "11"]
[EventCountry "GBR"]

1. Nf3 Nf6 2. c4 e6 3. g3 d5 4. cxd5 exd5 5. Bg2 c5 6. O-O Nc6 7. d4 Be7 8.
dxc5 Bxc5 9. Bg5 O-O 10. Nc3 d4 11. Bxf6 Qxf6 12. Nd5 Qd8 13. Nd2 Re8 14. Rc1
Bb6 15. Nc4 Bg4 16. Re1 Ba5 17. Nxa5 Qxa5 18. Qb3 Rab8 19. Nf4 Ne5 20. Red1 d3
21. Nxd3 Bxe2 22. Nxe5 Bxd1 23. Qxf7+ Kh8 24. Rxd1 Qxe5 25. Rd7 Rf8 26. Qe7
Qxb2 27. Qc5 b6 28. Qd4 Qxd4 29. Rxd4 Rbd8 30. Ra4 a5 31. Be4 Rd2 0-1

[Event "GBR-ch 95th"]
[Site "Liverpool"]
[Date "2008.07.28"]
[Round "1.24"]
[White "Jackson, Oliver"]
[Black "Davis, Lee"]
[Result "1-0"]
[WhiteElo "2221"]
[BlackElo "2071"]
[PlyCount "49"]
[EventDate "2008.07.28"]
[EventType "swiss"]
[EventRounds "11"]
[EventCountry "GBR"]

1. e4 d6 2. Nc3 g6 3. Bc4 Bg7 4. f4 Nc6 5. Nf3 Na5 6. Be2 c5 7. d3 Nc6 8. O-O
Nf6 9. Qe1 Nd4 10. Bd1 O-O 11. Qh4 Nxf3+ 12. Bxf3 e6 13. f5 Nd7 14. Bg5 Bf6 15.
Bxf6 Qxf6 16. Qg3 exf5 17. exf5 Nb6 18. Be4 d5 19. fxg6 Qd4+ 20. Kh1 hxg6 21.
Bxg6 fxg6 22. Qxg6+ Qg7 23. Rxf8+ Kxf8 24. Rf1+ Kg8 25. Qe8+ 1-0

[Event "GBR-ch 95th"]
[Site "Liverpool"]
[Date "2008.07.28"]
[Round "1.25"]
[White "Grigoryan-Lyell, Meri"]
[Black "Rayner, Francis"]
[Result "0-1"]
[WhiteElo "2053"]
[BlackElo "2207"]
[PlyCount "50"]
[EventDate "2008.07.28"]
[EventType "swiss"]
[EventRounds "11"]
[EventCountry "GBR"]

1. d4 Nf6 2. c4 c5 3. e3 g6 4. Nf3 Bg7 5. Nc3 O-O 6. Bd3 cxd4 7. exd4 d5 8. h3
Nc6 9. Bg5 Be6 10. c5 Nd7 11. Be3 Nxc5 12. dxc5 d4 13. Nxd4 Bxd4 14. Bh6 Re8
15. O-O Bxc5 16. Ne4 Bd4 17. Ng5 Bd5 18. h4 Bxb2 19. Rb1 Bf6 20. Rxb7 Ne5 21.
Rb5 a6 22. Bxg6 axb5 23. Bxh7+ Kh8 24. Qh5 Qd7 25. Bf8 Qg4 0-1

[Event "GBR-ch 95th"]
[Site "Liverpool"]
[Date "2008.07.28"]
[Round "1.26"]
[White "Townsend, Paul"]
[Black "Sen, Subin"]
[Result "1-0"]
[WhiteElo "2204"]
[BlackElo "2050"]
[PlyCount "51"]
[EventDate "2008.07.28"]
[EventType "swiss"]
[EventRounds "11"]
[EventCountry "GBR"]

1. d4 Nf6 2. c4 g6 3. Nc3 d5 4. Nf3 Bg7 5. Qb3 dxc4 6. Qxc4 O-O 7. e4 Nfd7 8.
Be3 Nb6 9. Qb3 Bg4 10. Rd1 Nc6 11. d5 Ne5 12. Be2 Nxf3+ 13. gxf3 Bh5 14. Rg1
Qd7 15. Rg3 Kh8 16. f4 Bxe2 17. Kxe2 Rad8 18. a4 Kg8 19. a5 Nc8 20. e5 c6 21.
Rgg1 Qh3 22. Qxb7 Qh5+ 23. Kf1 cxd5 24. Rxd5 Qxh2 25. Rxd8 Rxd8 26. Rh1 1-0

[Event "GBR-ch 95th"]
[Site "Liverpool"]
[Date "2008.07.28"]
[Round "1.27"]
[White "Coates, David H"]
[Black "Goodger, Martyn"]
[Result "0-1"]
[WhiteElo "2037"]
[BlackElo "2187"]
[PlyCount "76"]
[EventDate "2008.07.28"]
[EventType "swiss"]
[EventRounds "11"]
[EventCountry "GBR"]

1. e4 e5 2. Nf3 d6 3. d4 exd4 4. Nxd4 Nf6 5. Nc3 Be7 6. g3 Nc6 7. Nde2 Ne5 8.
Bg2 O-O 9. O-O Re8 10. b3 Bd7 11. Bb2 Rb8 12. h3 b5 13. f4 Ng6 14. a3 Bf8 15.
f5 Ne5 16. Nf4 c6 17. g4 h6 18. Qd4 a5 19. Rad1 b4 20. axb4 axb4 21. Nce2 c5
22. Qf2 Qb6 23. Ng3 Bc6 24. Nfh5 Nxh5 25. Nxh5 Qb7 26. f6 g6 27. Ng7 Bxg7 28.
fxg7 Re6 29. Qf4 g5 30. Qf2 Ng6 31. Qg3 Rbe8 32. Rxd6 Nf4 33. Rd2 f6 34. Rxf4
gxf4 35. Qxf4 Qxg7 36. Bf1 Rxe4 37. Bc4+ Kh8 38. Qd6 Rxg4+ 0-1

[Event "GBR-ch 95th"]
[Site "Liverpool"]
[Date "2008.07.28"]
[Round "1.28"]
[White "Surtees, Michael"]
[Black "Russell, Christopher"]
[Result "1/2-1/2"]
[WhiteElo "2182"]
[BlackElo "2036"]
[PlyCount "102"]
[EventDate "2008.07.28"]
[EventType "swiss"]
[EventRounds "11"]
[EventCountry "GBR"]

1. e4 e6 2. Nf3 d5 3. e5 Ne7 4. c3 Qd7 5. b4 b6 6. a4 c5 7. d4 Nbc6 8. bxc5
bxc5 9. Ba3 cxd4 10. cxd4 f6 11. h4 a6 12. Bd3 Ng8 13. Bxf8 Kxf8 14. Nbd2 Nh6
15. O-O Nf7 16. Qe2 Nb4 17. Rfc1 fxe5 18. dxe5 g6 19. Nb3 Kg7 20. Bb1 Qe7 21.
Qe3 a5 22. Nc5 Na6 23. Bd3 Re8 24. Ra3 Nxc5 25. Rxc5 Ba6 26. Bxa6 Rxa6 27. Rac3
Ra7 28. g3 Rb8 29. Nd4 Nd8 30. Nb5 Rd7 31. Kg2 Rxb5 32. axb5 d4 33. Qc1 dxc3
34. Qxc3 Nb7 35. Rc8 Qb4 36. Qc6 Rf7 37. Rc7 Nd8 38. Rxf7+ Kxf7 39. Qc7+ Qe7
40. Qxa5 Nb7 41. Qd2 Kg8 42. Kg1 Qd8 43. Qe3 Qd5 44. Qb6 Qd1+ 45. Kh2 Qd7 46.
h5 gxh5 47. Qe3 Qf7 48. b6 Kf8 49. Kg1 Ke8 50. Qe2 Kf8 51. Qe4 Qd7 1/2-1/2

[Event "GBR-ch 95th"]
[Site "Liverpool"]
[Date "2008.07.28"]
[Round "1.30"]
[White "James, David J"]
[Black "Elwin, Adrian G"]
[Result "1/2-1/2"]
[WhiteElo "2177"]
[BlackElo "2022"]
[PlyCount "39"]
[EventDate "2008.07.28"]
[EventType "swiss"]
[EventRounds "11"]
[EventCountry "GBR"]

1. Nf3 Nf6 2. c4 e6 3. Nc3 d5 4. d4 Bb4 5. e3 c5 6. Bd3 Nc6 7. O-O O-O 8. a3
Bxc3 9. bxc3 b6 10. Ne5 Bb7 11. f4 dxc4 12. Bxc4 Rc8 13. Ba2 Nd5 14. Bd2 cxd4
15. cxd4 Nxe5 16. fxe5 Nc3 17. Qg4 Nxa2 18. Rxa2 Qd5 19. Rb2 Qe4 20. Qxe4
1/2-1/2